First Country to be Reached by Humans A-Z - Statistics

General Stats
  • This quiz has been taken 354 times
  • The average score is 16 of 24
Answer Stats
Hint Answer % Correct
E Ethiopia
86%
Y Yemen
85%
O Oman
84%
Z Zambia
82%
Q Qatar
81%
K Kenya
76%
U Uganda
75%
D Djibouti
73%
R Rwanda
73%
S Sudan
72%
T Tanzania
71%
J Jordan
70%
A Angola
69%
C Chad
67%
F France
67%
I Israel
67%
M Malawi/Mozambique
67%
B Burundi
65%
G Gabon
58%
N Namibia
57%
H Hungary
56%
V Vietnam
52%
L Lesotho
47%
P Pakistan
38%
No matching quizzes found
Score Distribution
Percent of People with Each Score
Percentile by Number Answered
Your Score History
You have not taken this quiz